Manual de Ley 16.744: sus beneficios y procedimientos en caso de accidentes o enfermedad profesional
Gardado en:
| Autor Corporativo: | |
|---|---|
| Formato: | Libro |
| Idioma: | Lingua castelá |
| Publicado: |
Santiago, Chile
Ministerio del Trabajo y Previsión Social
2009
|
| Edición: | Tercera edición |
| Series: | Area Gestión Preventiva
|
| Subjects: | |
| Tags: |
Engadir etiqueta
Sen Etiquetas, Sexa o primeiro en etiquetar este rexistro!
|
MARC
| LEADER | 00000cam a2200000 a 4500 | ||
|---|---|---|---|
| 001 | UCF0824 | ||
| 003 | CL-VaPUC | ||
| 005 | 20230525074428.0 | ||
| 008 | 120607e20091200CL |||||||||||||||||spa|d | ||
| 999 | |c 347938 |d 347936 | ||
| 020 | |a 9789568456023 | ||
| 040 | |c Pontificia Universidad Católica de Valparaíso | ||
| 082 | 0 | 4 | |a 344.021 MIN 2009 |2 21 |
| 110 | 2 | |a Ministerio del Trabajo y Previsión Social |e autor |9 562532 | |
| 245 | 1 | 0 | |a Manual de Ley 16.744: sus beneficios y procedimientos en caso de accidentes o enfermedad profesional |
| 250 | |a Tercera edición | ||
| 260 | 0 | 3 | |a Santiago, Chile |b Ministerio del Trabajo y Previsión Social |c 2009 |
| 300 | |a 30 páginas | ||
| 490 | 0 | |a Area Gestión Preventiva | |
| 583 | |a last modification |c 20170803 12:59:35 |k Rodrigo Vera | ||
| 650 | 7 | |a DERECHO LABORAL |2 CL-VaPUC |9 15 | |
| 650 | 7 | |a LEY 16.744 |2 CL-VaPUC |9 387403 | |
| 650 | 0 | |a Accidentes de trabajo |9 254901 | |
| 650 | 0 | |a Seguridad social |9 255322 | |
| 942 | |c BK |2 ddc | ||
| 945 | |d 20120607 00:00:00 |a dcastane | ||